| 000 | 01434nam a2200325 a 4500 | ||
|---|---|---|---|
| 001 | 1167 | ||
| 003 | BR-CuiBMT | ||
| 005 | 20231130161002.0 | ||
| 008 | 231116s2015 mgba 000 0 por d | ||
| 020 | _a9788545000693 | ||
| 040 |
_aBR-CuiBMT _cBR-CuiBMT |
||
| 080 |
_22007 _a35.077.1 |
||
| 090 |
_a35.077.1 _bQ5 |
||
| 245 | 0 | 0 |
_aQuestões polêmicas da administração pública : _bprocesso administrativo / _cCoordenadores Valmir Leôncio da Silva, Eurípides Sales ; [autores Abrão Blumen ... et al.]. |
| 260 |
_aBelo Horizonte : _bFórum, _c2015. |
||
| 300 |
_a146 p. : _bil. ; _c22 cm |
||
| 490 | 1 |
_aColeção Fórum contas públicas ; _vv. 2 |
|
| 500 | _aPeculiaridades das contratações públicas sob a ótica da Lei Geral de Licitação e do Regime Diferenciado de Contração. Processo de planejamento público e execução orçamentária. Controle interno como suporte estratégico de governança no setor público. | ||
| 504 | _aInclui bibliografia. | ||
| 650 |
_aControle interno _zBrasil |
||
| 650 |
_aGovernança pública _zBrasil |
||
| 650 |
_aAdministração pública _xColetânea _zBrasil |
||
| 650 |
_aOrçamento público _xPlanejamento _zBrasil |
||
| 650 |
_aControle interno _xAvaliação _zBrasil |
||
| 700 | 1 |
_aSilva, Valmir Leôncio da, _d1963- _4coord. |
|
| 700 | 1 |
_aSales, Eurípides _4coord. |
|
| 700 | 1 |
_aBlumen, Abrão _eet al. _4autores |
|
| 830 | 0 |
_aFórum contas públicas ; _v2 |
|
| 942 |
_2udc _cLV |
||
| 999 |
_c1167 _d1167 |
||